| 000 | 00889nam a22002057a 4500 | ||
|---|---|---|---|
| 003 | BR-ViAPE | ||
| 005 | 20260423121207.0 | ||
| 008 | 260423s1912 porc|||gsn||| 001 0 por d | ||
| 040 | _cBR-ViAPE | ||
| 100 | _aClaudio, Affonso | ||
| 245 |
_aHistória da literatura Espírito-Santense: _bsubsídios para a história da literatura brasileira |
||
| 260 |
_aPorto _bOfficinas do "Commercio do Porto" _c1912 |
||
| 300 |
_a563 p. _bDocumento digitalizado (PDF) |
||
| 500 | _aDocumento digitalizado do acervo institucional do Arquivo Público do Estado do Espírito Santo - APEES. | ||
| 500 | _aInclui prólogo de Clovis Bevilaqua | ||
| 650 |
_aLiteratura - história _zEspírito Santo |
||
| 651 |
_aEspírito Santo _xLiteratura brasileira |
||
| 856 |
_uhttps://ape.es.gov.br/Media/ape/PDF/Livros/Livros_Historicos/sndt30cb.pdf _yCLIQUE AQUI PARA ACESSAR O DOCUMENTO |
||
| 942 |
_2ddc _cOBRAS_RARA _n1 |
||
| 999 |
_c563 _d563 |
||